000 00928nas a2200313 4500
001 BR0400743
003 BR-BrBNA
005 20231205104335.0
007 ta
008 230509b bl.|||p| |||| 00| 00por d
040 _aBR-BrBNA
_bpor
_cBiblioteca Nacional de Agricultura
041 _a(Pt)
072 _aL53; L40
100 1 _aConde Júnior, A.M.
100 1 _aNeves, W.C.
100 1 _aBarreto, F.M.
100 1 _aCavalcante Filho, M.F.
100 1 _aArrivabene, M.
100 1 _aCruz, N.E.A.
245 1 _aMorfologia e biometria do útero gestante de cabras sem raça definida
650 _aCABRA
650 _aIDADE
650 _aPRENHEZ
650 _aMORFOLOGIA ANIMAL
650 _aBIOMETRIA ANIMAL
773 0 _tRevista Brasileira de Reprodução Animal (Brazil)
_xISSN 0102-0803
_g(Apr-Jun 2003), v. 27(2) p. 252-254
_wBR0400743
909 _a202311
_bLúcia
_c55
_dLúcia Elande
942 _2AGRIS
_n0
_cANA
999 _c177651
_d177651